[Event "FIDE-Online-Steinitz-Memorial-Women"]
[Site "Internet"]
[Date "2020.05.17"]
[Round "15"]
[White "Paehtz, Elisabeth"]
[Black "Cori T., Deysi"]
[Result "0-1"]
[WhiteElo "2396"]
[BlackElo "2391"]
[Annotator "RC"]
[PlyCount "82"]
[EventDate "2020.05.15"]
[EventType "tourn"]
[SourceTitle "playchess.com"]
[Source "ChessBase"]
[SourceQuality "1"]
[TimeControl "180+2"]

1. d4 Nf6 2. Nf3 {[%emt 0:00:05]} e6 {[%emt 0:00:05]} 3. Bf4 {[%emt 0:00:01]} b6 {[%emt 0:00:05]} 4. e3 {[%emt 0:00:02]} Bb7 {[%emt 0:00:01]} 5. Bd3 {[%emt 0:00:08]} c5 {[%emt 0:00:05]} 6. c3 {[%emt 0:00:07]} Be7 {[%emt 0:00:11]} 7. Nbd2 {[%emt 0:00:02]} O-O {[%emt 0:00:03]} 8. h3 {[%emt 0:00:03]} h6 {[%emt 0:00:09]} 9. O-O {[%emt 0:00:02]} Nc6 {[%emt 0:00:05]} 10. Qe2 {[%emt 0:00:02]} Rc8 {[%emt 0:00:04]} 11. Bh2 {[%emt 0:00:03]} d6 {[%emt 0:00:08]} 12. a3 {[%emt 0:00:02]} Re8 {[%emt 0:00:02]} 13. Rfe1 {[%emt 0:00:03]} Bf8 {[%emt 0:00:02]} 14. e4 {[%emt 0:00:03]} cxd4 {[%emt 0:00:11]} 15. cxd4 {[%emt 0:00:01]} e5 {[%emt 0:00:28]} 16. d5 {[%emt 0:00:02]} Nd4 {[%emt 0:00:01]} 17. Nxd4 {[%emt 0:00:02]} exd4 {[%emt 0:00:00]} 18. Qd1 {[%emt 0:00:03]} Nd7 {[%emt 0:00:03]} 19. Bf1 {[%emt 0:00:13]} Qf6 {[%emt 0:00:07]} 20. Qa4 {[%emt 0:00:13]} Nc5 {[%emt 0:00:07]} 21. Qxa7 {[%emt 0:00:06]} Qd8 {[%emt 0:00:01]} 22. Nc4 {[%emt 0:00:08]} b5 {[%emt 0:00:23]} 23. Na5 {[%emt 0:00:14]} Re7 {[%emt 0:00:29]} 24. b4 {[%emt 0:00:29]} Ra8 {[%emt 0:00:07]} 25. Nxb7 {[%emt 0:00:03]} Rxb7 {[%emt 0:00:02]} 26. Qxa8 {[%emt 0:00:03]} Qxa8 {[%emt 0:00:01]} 27. bxc5 {[%emt 0:00:01]} dxc5 {[%emt 0:00:01]} 28. e5 {[%emt 0:00:15]} c4 {[%emt 0:00:04]} 29. g3 {[%emt 0:00:03]} d3 {[%emt 0:00:03]} 30. Bg2 {[%emt 0:00:02]} Qa5 {[%emt 0:00:07]} 31. d6 {[%emt 0:00:02]} Ra7 {[%emt 0:00:03]} 32. Bd5 {[%emt 0:00:07]} d2 {[%emt 0:00:03]} 33. Re2 {[%emt 0:00:07]} Qxa3 {[%emt 0:00:04]} 34. Rd1 {[%emt 0:00:06]} c3 {[%emt 0:00:01]} 35. Be4 {[%emt 0:00:21]} Qb3 {[%emt 0:00:05]} 36. Rdxd2 {[%emt 0:00:06]} cxd2 {[%emt 0:00:02]} 37. Rxd2 {[%emt 0:00:01]} Ra1+ {[%emt 0:00:02]} 38. Kg2 {[%emt 0:00:01]} Qc4 {[%emt 0:00:01]} 39. Bd3 {[%emt 0:00:04]} Qd5+ {[%emt 0:00:03]} 40. f3 {[%emt 0:00:01]} Qxe5 {[%emt 0:00:07]} 41. g4 {[%emt 0:00:02]} Qe3 {[%emt 0:00:01]} 0-1

[Event "FIDE-Online-Steinitz-Memorial-Women"]
[Site "Internet"]
[Date "2020.05.17"]
[Round "16"]
[White "Kosteniuk, Alexandra"]
[Black "Tan, Zhongyi"]
[Result "1-0"]
[WhiteElo "2521"]
[BlackElo "2510"]
[Annotator "TA"]
[PlyCount "87"]
[EventDate "2020.05.15"]
[EventType "tourn"]
[SourceTitle "playchess.com"]
[Source "ChessBase"]
[SourceQuality "1"]

{[%evp 12,87,17,15,24,1,0,0,0,0,0,18,94,-24,-29,-62,-31,-31,-25,-43,87,93,191,64,67,-33,60,42,39,42,52,20,67,35,56,-43,130,78,94,66,64,12,87,57,102,59,127,147,142,129,160,160,226,214,268,269,854,839,2996,2502,2203,2050,1865,937,1180,983,1171,1026,1051,1002,29983,29982,29983,29972,29968,29970,29984,29983]} 1. e4 e5 2. Nf3 Nc6 3. Bb5 Nf6 4. d4 exd4 5. O-O Be7 6. e5 Ne4 7. Re1 Nc5 {C65: Ruy Lopez: Berlin Defence (3...Nf6), unusual lines and 4 0-0 Bc5.} 8. c3 dxc3 9. Nxc3 O-O {The position is equal.} 10. Nd5 Ne6 {[#]} 11. Bd2 $146 ({Predecessor:} 11. b3 f6 12. Bc4 Nxe5 13. Nxe5 fxe5 14. Rxe5 c6 15. Nxe7+ Qxe7 16. Bxe6+ dxe6 17. Bb2 {½-½ (37) Gashimov,V (2730)-Karjakin,S (2721) Baku 2009}) 11... Bc5 (11... a5 $11 {remains equal.}) 12. Bc3 (12. Bd3 $16) 12... Ne7 $11 13. Ne3 d5 {Threatens to win with ...d4.} 14. exd6 $1 Qxd6 15. Qc2 Qb6 (15... Bxe3 $15 16. fxe3 Nd5) 16. Bd3 $16 {[%mdl 1024] White has strong compensation.} Ng6 {[#]} (16... Bxe3 $16 {keeps fighting.} 17. Bxh7+ (17. fxe3 Ng6 $11) (17. Rxe3 Nd5 $14) 17... Kh8 18. fxe3 (18. Rxe3 Nd5 $14) 18... Nd5) 17. Nc4 ({Only move:} 17. Nd5 $1 $18 {[%cal Rd5b6]} Qc6 18. Rad1) 17... Qc6 $1 $14 18. Be4 (18. Nce5 $14 Qb6 19. Bc4 (19. Nxg6 hxg6 20. Bc4 Nf4 $11)) 18... Qb5 (18... Bxf2+ $1 $15 19. Qxf2 Qxc4) 19. b3 Bb4 20. Bxb4 Qxb4 21. h4 Rd8 22. h5 $36 {[%mdl 2048] White is more active.} Ngf8 23. Rad1 ({White should try} 23. h6 $1 $14) 23... Bd7 $2 (23... Rxd1 $15 {keeps the upper hand.} 24. Rxd1 h6) 24. a3 (24. h6 $142) 24... Qe7 $16 25. Bxb7 Rab8 26. Be4 (26. Bd5 $1 $14) 26... Qf6 (26... h6 $1 $11) 27. Rd5 {White leaves nothing to chance now.} Nf4 28. Ra5 a6 ({Black should play} 28... Rb5 $1 $14) 29. g3 Nh3+ {[#]} 30. Kg2 $1 h6 31. Nce5 Ng5 (31... Be6 $16 32. b4 (32. Rxa6 Rb6 $16) (32. Qxc7 Rdc8 $11) 32... Rb5 33. Rxa6 (33. Qxc7 Rc8 $16) 33... Rb6) 32. Nxd7 $18 Nxd7 33. Rf5 Qe7 $2 (33... Qd6 34. Nxg5 hxg5 35. Rxg5 Qh6) 34. Bd5 Qd6 35. Nxg5 hxg5 36. Bxf7+ Kh8 37. Rxg5 Qf6 38. Rf5 Qh6 39. Re6 Nf6 40. Bg6 Rd2 41. Qxc7 {White mates.} Rbd8 42. Rexf6 gxf6 43. Rxf6 Qg7 44. Rf7 {Accuracy: White = 64%, Black = 35%.} 1-0

[Event "FIDE-Online-Steinitz-Memorial-Women"]
[Site "Internet"]
[Date "2020.05.17"]
[Round "16"]
[White "Stefanova, Antoaneta"]
[Black "Lagno, Kateryna"]
[Result "0-1"]
[WhiteElo "2485"]
[BlackElo "2608"]
[Annotator "TA"]
[PlyCount "78"]
[EventDate "2020.05.15"]
[EventType "tourn"]
[SourceTitle "playchess.com"]
[Source "ChessBase"]
[SourceQuality "1"]

{[%evp 10,78,27,-5,12,0,9,0,4,-31,18,-18,6,14,17,12,37,24,23,19,18,8,10,0,0,0,0,0,0,0,54,0,38,-6,-13,-39,-61,-33,-7,-33,75,76,64,55,54,30,25,0,0,-117,-53,-53,-54,-45,-37,-246,-237,-557,-209,-437,-437,-459,-437,-547,-547,-947,-885,-1197,-1189,-1829,-1839]} 1. d4 Nf6 2. Nf3 g6 3. g3 Bg7 4. Bg2 O-O 5. O-O d5 6. Bf4 Bf5 {D02: 1 d4 d5 2 Nf3 sidelines, including 2...Nf6 3 g3 and 2...Nf6 3 Bf4.} 7. Qc1 Nbd7 8. c4 c6 {[#] The position is equal.} 9. h3 $146 ({Predecessor:} 9. Nc3 Rc8 10. Bh6 Be4 11. Bxg7 Kxg7 12. Nxe4 Nxe4 13. Qc2 e6 14. Rfd1 Qe7 15. Rac1 Rcd8 {½-½ (62) Dubov,D (2690)-Rakhmanov,A (2645) Moscow 2019}) 9... a5 10. Nbd2 Ne4 11. Rd1 a4 12. Nh4 Nxd2 13. Qxd2 Be6 14. cxd5 cxd5 15. Rac1 Qb6 16. Nf3 Nf6 17. Bc7 Qa6 18. Bf1 Ne4 19. Qb4 b6 (19... Bxh3 $11 20. Bxh3 Qxe2 {[%mdl 64] Double Attack}) 20. Qxe7 ({Better is} 20. Rc2 $14) 20... Rfe8 21. Qb4 (21. Qa3 {with more complications.} Qb7 22. Bf4 b5 23. Rc7 Qb6 24. Rdc1) 21... Bf8 22. Qxb6 (22. Qe1 {is interesting.} Rec8 23. Rc6 Qb7 24. Rdc1 b5 25. R6c2) 22... Qxb6 23. Bxb6 Rab8 $36 {[%mdl 2048] Black has the initiative.} (23... Reb8 $5 {[%cal Rb8b6]} 24. Bc5 Rxb2 $11) 24. Bc5 Nxc5 (24... Rxb2 $15 {stays ahead.} 25. a3 Nxc5 26. dxc5 Rc8) 25. dxc5 $16 Rxb2 26. Nd4 Rxa2 27. e3 Rb2 28. Bb5 Ra8 29. c6 (29. Nxe6 $11 fxe6 30. Bd7) 29... Bc8 (29... Bxh3 $17 {...Bg4 is the strong threat.} 30. c7 a3) 30. c7 $15 a3 {[%cal Ba4a3,Ba3a2][%mdl 32]} 31. Bc6 Ra5 {Strongly threatening ...a2.} 32. Ra1 $2 {[#] This move loses the game for White.} (32. Nf3 $1 $15) 32... a2 33. Ne2 $2 (33. Rdc1 {is a better chance.}) 33... Bg7 $2 (33... Rxe2 34. Bxd5 Bxh3) 34. Nd4 $2 (34. Bxd5 Rxe2 {[%mdl 64] [#] Discovered Attack} 35. Rxa2 $1 {[%mdl 512]} Rexa2 36. Bxa2 Rxa2 37. Rd8+ Bf8 38. Rxc8) 34... Rc5 $19 {Black is clearly winning.} 35. Ba8 Bxh3 36. Nc6 Kf8 37. Na7 Rxc7 38. Nc6 Rc8 39. Nd4 Rxa8 {Accuracy: White = 34%, Black = 68%.} 0-1

[Event "FIDE-Online-Steinitz-Memorial-Women"]
[Site "Internet"]
[Date "2020.05.17"]
[Round "16"]
[White "Sebag, Marie"]
[Black "Paehtz, Elisabeth"]
[Result "1-0"]
[WhiteElo "2482"]
[BlackElo "2396"]
[Annotator "RC"]
[PlyCount "103"]
[EventDate "2020.05.15"]
[EventType "tourn"]
[SourceTitle "playchess.com"]
[Source "ChessBase"]
[SourceQuality "1"]
[TimeControl "180+2"]

1. e4 c5 2. Nf3 {[%emt 0:00:04]} d6 {[%emt 0:00:03]} 3. Bb5+ {[%emt 0:00:02]} Nd7 {[%emt 0:00:03]} 4. O-O {[%emt 0:00:01]} a6 {[%emt 0:00:01]} 5. Bd3 {[%emt 0:00:01]} Ngf6 {[%emt 0:00:02]} 6. c3 {[%emt 0:00:08]} Ne5 {[%emt 0:00:02]} 7. Be2 {[%emt 0:00:14]} Nxf3+ {[%emt 0:00:03]} 8. Bxf3 {[%emt 0:00:02]} g6 {[%emt 0:00:03]} 9. d4 {[%emt 0:00:01]} Bg7 {[%emt 0:00:02]} 10. dxc5 {[%emt 0:00:07]} dxc5 {[%emt 0:00:01]} 11. Qxd8+ {[%emt 0:00:02]} Kxd8 {[%emt 0:00:00]} 12. Rd1+ {[%emt 0:00:02]} Nd7 {[%emt 0:00:02]} 13. Be3 {[%emt 0:00:02]} Kc7 {[%emt 0:00:02]} 14. Nd2 {[%emt 0:00:02]} b6 {[%emt 0:00:13]} 15. a4 {[%emt 0:00:10]} Bb7 {[%emt 0:00:03]} 16. Be2 {[%emt 0:00:03]} Rhd8 {[%emt 0:00:12]} 17. f3 {[%emt 0:00:05]} Ne5 {[%emt 0:00:02]} 18. a5 {[%emt 0:00:05]} Nd3 {[%emt 0:00:20]} 19. axb6+ {[%emt 0:00:04]} Kc6 {[%emt 0:00:04]} 20. Nc4 {[%emt 0:00:13]} Ne5 {[%emt 0:00:02]} 21. Rxd8 {[%emt 0:00:07]} Rxd8 {[%emt 0:00:05]} 22. Na5+ {[%emt 0:00:03]} Kxb6 {[%emt 0:00:01]} 23. Nxb7 {[%emt 0:00:01]} Kxb7 {[%emt 0:00:01]} 24. Bxa6+ {[%emt 0:00:10]} Kc6 {[%emt 0:00:02]} 25. Be2 {[%emt 0:00:08]} Nd3 {[%emt 0:00:02]} 26. Rd1 {[%emt 0:00:11]} c4 {[%emt 0:00:04]} 27. Kf1 {[%emt 0:00:34]} Rd6 {[%emt 0:00:04]} 28. Bxd3 {[%emt 0:00:02]} cxd3 {[%emt 0:00:01]} 29. Ke1 {[%emt 0:00:03]} f5 {[%emt 0:00:02]} 30. Kd2 {[%emt 0:00:04]} fxe4 {[%emt 0:00:03]} 31. fxe4 {[%emt 0:00:01]} Be5 {[%emt 0:00:00]} 32. g3 {[%emt 0:00:05]} Kb5 {[%emt 0:00:04]} 33. b3 {[%emt 0:00:23]} Rc6 {[%emt 0:00:02]} 34. Bd4 {[%emt 0:00:16]} Bxd4 {[%emt 0:00:02]} 35. cxd4 {[%emt 0:00:01]} Kb4 {[%emt 0:00:01]} 36. Kxd3 {[%emt 0:00:03]} Rc3+ {[%emt 0:00:07]} 37. Ke2 {[%emt 0:00:01]} Rxb3 {[%emt 0:00:06]} 38. Rc1 {[%emt 0:00:04]} Rb2+ {[%emt 0:00:02]} 39. Ke3 {[%emt 0:00:02]} Rxh2 {[%emt 0:00:04]} 40. Rc7 {[%emt 0:00:01]} Rg2 {[%emt 0:00:08]} 41. Kf3 {[%emt 0:00:04]} Rd2 {[%emt 0:00:02]} 42. d5 {[%emt 0:00:01]} Rd3+ {[%emt 0:00:08]} 43. Kf4 {[%emt 0:00:02]} g5+ {[%emt 0:00:10]} 44. Kxg5 {[%emt 0:00:03]} Rxg3+ {[%emt 0:00:02]} 45. Kf4 {[%emt 0:00:02]} Rg7 {[%emt 0:00:03]} 46. d6 {[%emt 0:00:01]} Rf7+ {[%emt 0:00:04]} 47. Kg5 {[%emt 0:00:06]} Rg7+ {[%emt 0:00:04]} 48. Kh5 {[%emt 0:00:05]} Rg6 {[%emt 0:00:05]} 49. dxe7 {[%emt 0:00:09]} Re6 {[%emt 0:00:02]} 50. Kg5 {[%emt 0:00:00]} Rxe4 {[%emt 0:00:08]} 51. Kf6 {[%emt 0:00:01]} h5 {[%emt 0:00:02]} 52. Rc8 {[%emt 0:00:03]} 1-0

[Event "FIDE-Online-Steinitz-Memorial-Women"]
[Site "Internet"]
[Date "2020.05.17"]
[Round "16"]
[White "Abdumalik, Zhansaya"]
[Black "Lei, Tingjie"]
[Result "1/2-1/2"]
[WhiteElo "2409"]
[BlackElo "2530"]
[Annotator "TA"]
[PlyCount "130"]
[EventDate "2020.05.15"]
[EventType "tourn"]
[SourceTitle "playchess.com"]
[Source "ChessBase"]
[SourceQuality "1"]

{[%evp 18,130,37,20,37,14,20,0,28,-41,-14,-22,0,-3,25,-11,0,-1,29,33,42,28,31,35,52,48,52,50,55,54,69,0,64,0,0,0,0,0,-17,-20,-22,-13,0,0,0,0,0,-25,0,0,23,0,23,0,0,0,0,-131,0,0,0,0,0,0,0,0,207,0,548,0,31,0,0,0,0,0,0,-48,0,0,0,0,0,0,27,0,229,-52,-42,-70,-70,-70,-70,-70,-70,-70,-70,-70,-70,-70,-70,-70,-70,-70,-70,-70,-70,-70,-70,-70,0,-70,-70,-70,0]} 1. e4 c5 2. Nf3 d6 3. d4 cxd4 4. Nxd4 Nf6 5. Nc3 a6 6. g3 g6 7. Bg2 Bg7 8. O-O O-O 9. h3 Qc7 10. a4 Nc6 {B91: Sicilian Najdorf: 6 g3.} 11. Nde2 b6 12. g4 Bb7 {The position is equal.} 13. Ng3 {[#]} ({White should try} 13. g5 $11 Nd7 14. Nd5) 13... Ne5 $146 ({Predecessor:} 13... Rac8 14. g5 Nd7 15. Nd5 Qd8 16. h4 e6 17. Ne3 Qc7 18. Ra3 Nb4 19. c3 Nc6 {½-½ (27) Carless,D (2265)-Grassi,E (2210) Moscow 1994}) 14. g5 Nfd7 15. Nd5 {[%cal Bc3d5,Bd5e3,Be3g4,Bg4f6][%mdl 32]} Qd8 16. Rb1 e6 17. Ne3 Nc5 18. f4 Nc6 19. c3 a5 20. Ng4 Ba6 21. Rf3 d5 22. e5 Ne4 23. Nf6+ Kh8 24. Be3 (24. Nfxe4 $14 dxe4 25. Qxd8 Raxd8 26. Nxe4) 24... Ne7 (24... Nxg3 $1 $11 25. Rxg3 Ne7) 25. h4 (25. Nfxe4 $14 dxe4 26. Nxe4) 25... Nxg3 $1 $11 26. Rxg3 Bxf6 27. exf6 Nf5 $1 {[%csl LRg3,LRh4][%mdl 64] Double Attack} 28. Rh3 h5 29. Bd4 Qc7 30. Be5 Qc5+ 31. Kh1 Ne3 32. Qd4 Nxg2 (32... Ng4 {seems wilder.} 33. Kg1 Nxe5 34. fxe5 Rfc8 35. Qf2 b5) 33. Kxg2 Rfc8 34. Rd1 b5 35. axb5 Qxb5 36. Qf2 Rc4 37. Rhh1 (37. Kg3 $11) 37... Bb7 (37... d4 $1 $17 38. Rh3 dxc3 39. Rxc3 Rxc3 40. Bxc3 Bb7+ 41. Kh2 a4) 38. Bd4 Bc6 39. Rd2 Rb8 40. Re1 Ra4 41. Kg3 Ra2 $2 {[#]} (41... Kg8 $11) 42. Ree2 $2 (42. Rxe6 $1 $18 {[%mdl 512] Strongly threatening f5.} Kg8 (42... fxe6 43. f7+) 43. Qe1) 42... Qc4 $2 {[%mdl 8192] [#]} (42... Ra1 $11) 43. Qe3 $2 (43. b3 $1 $18 {[%mdl 512]} Rxd2 (43... Rxb3 44. Rxa2) 44. bxc4 Rd3+ 45. Re3 dxc4 46. Rxd3 cxd3 47. Qe3) 43... a4 44. Kh3 (44. Qe5 {keeps more tension.} Rc8 45. Qd6 a3 46. b3 Rxd2 47. bxc4 Rxe2 48. Qxa3 e5 49. Qa7) 44... Ra1 45. Re1 Rxe1 46. Qxe1 Qa2 47. Qf2 (47. Qe5 {feels hotter.} Rc8 48. Qe2 Ra8 49. Kg3 a3 50. bxa3 Qxa3 51. Rb2) 47... Qc4 48. Qe1 Ra8 49. Kg3 a3 50. bxa3 Rxa3 51. Kh2 (51. Qe2 $5 {[%cal Rf4f5]} Bb5 52. Qxc4 Bxc4 53. Rb2 $11) 51... Bb5 $2 {[#]} (51... Ra2 $11 {and Black is okay.}) 52. Qc1 $2 (52. f5 $1 $18 {[%cal Rf5g6][%mdl 512] fxg6 is the strong threat.} Ra2 (52... exf5 53. Qe7) 53. fxg6 Rxd2+ 54. Qxd2 Qc7+ 55. Kg2) 52... Ra2 $1 $15 53. Rxa2 Qxa2+ 54. Kh3 Bd3 {Hoping for ...Qe2.} 55. Qe1 Be4 {[%csl Ge4][%cal Ra2g2]} ({Don't do} 55... Bf5+ 56. Kg3 $17) 56. Qf2 Qb1 57. Qg1 Qd3+ 58. Kh2 $1 Qe2+ 59. Qf2 Qd1 60. Qg1 Qf3 61. Qf2 Qh1+ 62. Kg3 Qc1 63. Kh2 Qd1 (63... Kh7 $15 64. Kg3 Kg8) 64. Kg3 (64. Qg1 $1 $11 Qf3 65. Qf2) 64... Qg4+ 65. Kh2 Qd1 {Accuracy: White = 67%, Black = 72%.} (65... Kg8 $15 66. Be5 Bf5) 1/2-1/2

[Event "FIDE-Online-Steinitz-Memorial-Women"]
[Site "Internet"]
[Date "2020.05.17"]
[Round "16"]
[White "Cori T., Deysi"]
[Black "Khademalsharieh, Sarasadat"]
[Result "0-1"]
[WhiteElo "2391"]
[BlackElo "2431"]
[Annotator "TA"]
[PlyCount "78"]
[EventDate "2020.05.15"]
[EventType "tourn"]
[SourceTitle "playchess.com"]
[Source "ChessBase"]
[SourceQuality "1"]

{[%evp 9,78,8,12,-7,19,-5,9,-11,-7,0,-6,0,-8,-21,-28,-31,-34,-47,-28,-75,-36,-47,-41,-47,-38,-43,6,6,4,9,6,4,0,-53,0,-56,0,0,0,-53,14,-40,0,-7,-6,-64,0,-41,-57,-55,-55,-32,-41,-55,-39,-46,-33,-110,-107,-775,-764,-1541,-1157,-5498,-5514,-5318,-5310,-29991,-29992,-29994,-29993]} 1. d4 Nf6 2. Nf3 d5 3. c4 e6 4. e3 a6 5. Nbd2 c5 6. cxd5 {D30: Queen's Gambit Declined: Systems without Nc3.} Nxd5 7. Be2 Nc6 {[#]} 8. O-O $146 {The position is equal.} ({Predecessor:} 8. Nb3 cxd4 9. Nbxd4 Nxd4 10. Nxd4 Bb4+ 11. Bd2 Bxd2+ 12. Qxd2 O-O 13. Bf3 Nf6 14. Nb3 {½-½ (45) Danner,G (2291)-Spalir,J (2361) Deutschlandsberg 2018}) 8... cxd4 9. exd4 Be7 10. Ne4 O-O 11. a3 b6 12. Qb3 Bb7 13. Rd1 Rc8 14. Qa2 Bf6 15. Nxf6+ Qxf6 16. Bg5 Qg6 17. Qb1 f5 18. Qd3 h6 19. Bd2 Rfd8 20. Rac1 Qf6 21. Qb3 (21. Bf1 $11) 21... b5 (21... Nxd4 $15 22. Nxd4 Qxd4) 22. h3 (22. Bf1 $11) 22... Nb6 23. Bc3 {Black must now prevent d5!} Nd5 24. Bd2 Rc7 (24... Nxd4 $15 25. Nxd4 Qxd4) 25. Qa2 (25. Bf1 $11) 25... Rcd7 (25... Nxd4 $6 26. Nxd4 Qxd4 27. Rxc7 $14) 26. Qb1 Nb6 ({But not} 26... Nxd4 27. Nxd4 Qxd4 28. Ba5 $14) 27. Be3 ({White should play} 27. Bc3 $1 $11 Nd5 28. Bf1) 27... f4 (27... Nc4 $15) 28. Bd2 (28. d5 $5 Nxd5 29. Bc5 $11) 28... Nxd4 29. Nxd4 Rxd4 30. Bc3 {[#]} Qg5 $1 {[%csl Gb7][%cal Rg5g2][%mdl 512]} 31. f3 Rxd1+ 32. Rxd1 Nd5 $40 {[%mdl 128] Black is up to no good.} 33. Ba5 (33. Bd4 $15) 33... Re8 $17 {Threatens to win with ...Ne3!} 34. Bb6 $2 {[%mdl 8192] Now White is beyond hope.} (34. h4 $17 Qxh4 {[#]} 35. Qg6 $1 {[%mdl 512]}) 34... Nxb6 $19 35. Rd6 Nd5 36. Rd7 Ne3 {[%csl Ge3][%cal Rg5g2]} 37. Bf1 Bxf3 {[%cal Re3g2]} 38. h4 {[#]} Qg3 $1 39. Qd3 Bxg2 {Accuracy: White = 61%, Black = 73%.} 0-1

[Event "FIDE-Online-Steinitz-Memorial-Women"]
[Site "Internet"]
[Date "2020.05.17"]
[Round "17"]
[White "Lagno, Kateryna"]
[Black "Kosteniuk, Alexandra"]
[Result "1/2-1/2"]
[WhiteElo "2608"]
[BlackElo "2521"]
[Annotator "TA"]
[PlyCount "63"]
[EventDate "2020.05.15"]
[EventType "tourn"]
[SourceTitle "playchess.com"]
[Source "ChessBase"]
[SourceQuality "1"]

{[%evp 11,63,15,9,11,10,7,19,-5,20,17,29,9,15,0,7,0,5,0,21,6,42,46,51,29,51,47,75,54,61,69,106,95,95,95,88,95,104,53,56,0,50,15,31,30,139,19,80,0,14,0,0,-4,-4,-6]} 1. e4 c5 2. Nf3 Nc6 3. Bb5 Nf6 4. e5 Nd5 5. Nc3 Nc7 6. Bxc6 dxc6 7. d3 {B30: Sicilian: 2...Nc6 3 Bb5, lines without ...g6.} g6 8. O-O Bg7 9. a4 {[#]} b6 $146 ({Predecessor:} 9... O-O 10. Re1 Bg4 11. h3 Bxf3 12. Qxf3 Ne6 13. Re4 Nd4 14. Qd1 Qd7 15. Ne2 Ne6 16. Nf4 Rad8 17. Nxe6 Qxe6 18. Qe2 {½-½ (42) Braunschlaeger,C (2232)-Michiels,B (2302) Bad Wildbad 2003}) 10. a5 Rb8 11. axb6 axb6 12. h3 O-O 13. Bf4 Ne6 14. Bg3 b5 15. Ne4 Qb6 16. b3 Bd7 17. Qe2 Ra8 18. Qe3 Nd4 19. Nxd4 cxd4 20. Qg5 f6 21. exf6 exf6 22. Qc5 Qxc5 23. Nxc5 Bf5 {[#]} 24. b4 (24. Bd6 $1 $16) 24... Rfe8 $14 25. Bf4 ({Better is} 25. Bd6 $14) 25... g5 26. Bd2 Rxa1 27. Rxa1 Re2 (27... Bf8 $11) 28. Rd1 (28. Nb3 $16) 28... Bf8 {[#]} (28... Re8 $11) 29. Kf1 (29. Nb3 $1 $16) 29... Re5 {The position is equal.} 30. Re1 Rxe1+ 31. Kxe1 Bxc5 32. bxc5 {Accuracy: White = 71%, Black = 62%.} 1/2-1/2

[Event "FIDE-Online-Steinitz-Memorial-Women"]
[Site "Internet"]
[Date "2020.05.17"]
[Round "17"]
[White "Lei, Tingjie"]
[Black "Cori T., Deysi"]
[Result "1-0"]
[WhiteElo "2530"]
[BlackElo "2391"]
[Annotator "TA"]
[PlyCount "61"]
[EventDate "2020.05.15"]
[EventType "tourn"]
[SourceTitle "playchess.com"]
[Source "ChessBase"]
[SourceQuality "1"]

{[%evp 11,61,47,58,62,66,64,64,61,66,52,85,82,52,54,82,74,80,59,82,80,79,83,60,51,246,148,1187,483,1233,550,523,476,514,464,439,444,1068,1036,1022,1004,1070,1043,1280,948,1470,906,1303,1230,1113,751,29982,29981]} 1. e4 d5 2. exd5 Qxd5 3. Nc3 Qd6 4. d4 Nf6 5. Nf3 a6 6. g3 Bg4 7. h3 {B01: Scandinavian Defence.} Bh5 8. Bg2 Nc6 9. O-O {White is slightly better.} O-O-O 10. Bf4 Qb4 {[%cal Rc6d4]} 11. g4 Bg6 {[%cal Rc6d4]} 12. a3 $36 {[%mdl 2048] White is more active.} Qxb2 {[#]} 13. Qe1 $1 e6 {[#]} 14. Ne5 $1 Nd5 $1 {[%cal Rd5f4]} 15. Nxd5 exd5 16. Nxc6 bxc6 17. Bg5 f6 $2 {[#]} (17... Bd6 $1 $14) 18. Rb1 $146 ({Predecessor:} 18. Qe6+ Rd7 19. Rab1 Qxc2 20. Bf4 Bd6 21. Bxd6 Re8 22. Rb8+ Kxb8 23. Qxd7 cxd6 24. h4 {½-½ (44) Xu,Y (2526)-Laylo,D (2433) Xingtai 2019}) 18... Qxd4 $2 {[%mdl 8192] Now Black is done in.} (18... Qxc2 $16 19. Qe6+ Rd7) 19. Qe6+ $18 {[%mdl 64] Double Attack} Rd7 {Hoping for ...Bd6.} 20. Qxc6 (20. Be3 $142 Qxe3 21. fxe3) 20... Rd6 21. Qa8+ Kd7 22. Be3 Qc4 23. Rb8 {Strongly threatening Re1.} h5 (23... Qc6 $142 24. Qa7 Be4) 24. Rxf8 Rxf8 25. Qxf8 Bxc2 26. Qxg7+ Kc6 27. Rc1 Kb7 28. Bf1 Qb3 29. Bf4 Rc6 30. Bg2 Qxa3 31. Bxd5 {Accuracy: White = 71%, Black = 48%.} 1-0